000 00522cam a2200145 4500500
005 20251109010953.0
041 _afre
042 _adc
100 1 0 _aMalcor, Marc
_eauthor
245 0 0 _aJoseph Kessel Reportages en Allemagne 1932-1945. Préface d’Étienne de Montety. Arthaud, 2025, 352 pages, 25 €.
260 _c2025.
500 _a26
786 0 _nÉtudes | 4331 | 11 | 2025-11-03 | p. 121a-121 | 0014-1941
856 4 1 _uhttps://shs.cairn.info/revue-etudes-2025-11-page-121a?lang=fr&redirect-ssocas=7080
999 _c1562187
_d1562187